Sports Quiz

Random Sports or NFL Quiz

NFL Starting QBs (Washington Redskins) Quiz Stats

 Plays Quiz Updated Jan 4, 2019

Challenge
Share
Tweet
Embed
Score 0/19 Timer 04:00
0 Plays Today
Starts Player % Correct
28Robert Griffin III
94.6%
10Alex Smith
84.7%
57Kirk Cousins
77.6%
3Josh Johnson
71.6%
52Jason Campbell
69%
16Rex Grossman
66.5%
13Donovan McNabb
62.5%
6Colt McCoy
60.3%
1Mark Sanchez
58.2%
33Mark Brunell
51.4%
Starts Player % Correct
27Brad Johnson
51%
24Patrick Ramsey
41.2%
3Todd Collins
29.3%
3John Beck
27.8%
7Jeff George
26.1%
4Danny Wuerffel
19.8%
14Tony Banks
19.2%
7Shane Matthews
17.4%
5Tim Hasselbeck
16%

You're not logged in!

Compare scores with friends on all Sporcle quizzes.
OR
Log In

You Might Also Like...

Show Comments

Extras

Top Quizzes Today


Score Distribution

Your Account Isn't Verified!

In order to create a playlist on Sporcle, you need to verify the email address you used during registration. Go to your Sporcle Settings to finish the process.

Report this User

Report this user for behavior that violates our Community Guidelines.

Details: